000 00409nam a2200133Ia 4500
008 100328s9999 xx 000 0 und d
082 _b14385
100 _aमुणगेकर श्री.ग.
245 _aनिवडक परुळेकर -1
260 _bसकाळ
630 _aनिवडक परुळेकर -1
730 _aनिवडक परुळेकर -1
942 _cBOOK
999 _c509360
_d509357